书目信息 |
| 题名: |
中国古代图形艺术简史
|
|
| 作者: | 陈瑞林 编著 | |
| 分册: | ||
| 出版信息: | 北京 清华大学出版社 2006 |
|
| 页数: | 11,204页 | |
| 开本: | 26cm | |
| 丛书名: | ||
| 单 册: | ||
| 中图分类: | J120.92 | |
| 科图分类: | ||
| 主题词: | 美术史--中国--古代--高等学校--教材 , 美术史 | |
| 电子资源: | ||
| ISBN: | 7-302-10875-7 | |
| 000 | 00857nam0 2200241 450 | |
| 001 | 003124413 | |
| 005 | 20070806092842.53 | |
| 010 | @a7-302-10875-7@dCNY58.00 | |
| 100 | @a20060104d2006 em y0chiy0110 ea | |
| 101 | 0 | @achi |
| 102 | @aCN@b110000 | |
| 105 | @aa z 000yy | |
| 200 | 1 | @a中国古代图形艺术简史@9zhong guo gu dai tu xing yi shu jian shi@f陈瑞林编著 |
| 210 | @a北京@c清华大学出版社@d2006 | |
| 215 | @a11,204页@c彩图@d26cm | |
| 300 | @a清华大学计算机图形艺术设计专业(本科)系列教材/林华主编 | |
| 330 | @a本书介绍了原始时代至夏商周时代图形艺术、战国秦汉时代图形艺术、魏晋南北朝时代图形艺术、随堂五代图形艺术、宋元时代的图形艺术等。 | |
| 606 | 0 | @a美术史@y中国@z古代@x高等学校@j教材 |
| 606 | 0 | @a美术史 |
| 690 | @aJ120.92@v4 | |
| 701 | 0 | @a陈瑞林@9chen rui lin@f(1944.10~)@4编著 |
| 801 | 0 | @aCN@bNLC@c20070806 |
| 905 | @a10447@dJ120.92@e89 | |
| 中国古代图形艺术简史/陈瑞林编著.-北京:清华大学出版社,2006 |
| 11,204页:彩图;26cm |
| 清华大学计算机图形艺术设计专业(本科)系列教材/林华主编 |
| ISBN 7-302-10875-7:CNY58.00 |
| 本书介绍了原始时代至夏商周时代图形艺术、战国秦汉时代图形艺术、魏晋南北朝时代图形艺术、随堂五代图形艺术、宋元时代的图形艺术等。 |
| ● |
| 相关链接 |
|
|
|
|
正题名:中国古代图形艺术简史
索取号:J120.92/89
 
预约/预借
| 序号 | 登录号 | 条形码 | 馆藏地/架位号 | 状态 | 备注 |
| 1 | 0806240 | 208062406 | 第一样本阅览室/ [索取号:J120.92/89] | 在馆 | |
| 2 | 0806241 | 208062415 | 第一借阅区/ [索取号:J120.92/89] | 在馆 | |
| 3 | 0806242 | 208062424 | 第一借阅区/ [索取号:J120.92/89] | 在馆 | |
| 4 | 0806243 | 208062433 | 第一借阅区/ [索取号:J120.92/89] | 在馆 | |
| 5 | 0806244 | 208062442 | 密集书库-美术系/ [索取号:J120.92/89] | 在馆 |